Caliente - Rickyedit - Estadísticas

Estadísticas generales
  • Esta prueba ha sido intentada 23 veces
  • La puntuación promedio es 275 de 452
Estadísticas de respuestas
Letra % Correcto
de
100%
la
100%
La
100%
no
100%
No
100%
pa
100%
pus
100%
que
100%
qué
100%
Qué
100%
Que
100%
rastas
100%
un
100%
Un
100%
y
100%
Y
100%
a
91%
come
91%
como
91%
Cómo
91%
el
91%
gasta
91%
Me
91%
me
91%
pasta
91%
se
91%
91%
brillo
82%
bus
82%
con
82%
contrasta
82%
gordos
82%
he
82%
He
82%
Ma
82%
Spaghettis
82%
subido
82%
82%
82%
tu
82%
Una
82%
una
82%
Basta
73%
le
73%
mi
73%
o
73%
O
73%
Si
73%
si
73%
yo
73%
Yo
73%
bailar
64%
eres
64%
las
64%
lo
64%
los
64%
soy
64%
te
64%
Te
64%
caliente
55%
calle
55%
Cenicienta
55%
dejo
55%
ha
55%
mercadillo
55%
pero
55%
Pero
55%
pido
55%
Pido
55%
por
55%
respirar
55%
robé
55%
sacas
55%
Sale
55%
Siempre
55%
sin
55%
son
55%
zapato
55%
acercas
45%
alguien
45%
bronca
45%
dale
45%
detalles
45%
dicho
45%
dirijo
45%
eches
45%
en
45%
fijarme
45%
fotito
45%
Juan
45%
maromo
45%
mirada
45%
niña
45%
piensa
45%
pija
45%
pillo
45%
renta
45%
subasta
45%
Va
45%
va
45%
Achús
36%
aguanto
36%
amiguitas
36%
Aplasta
36%
Arroyo
36%
cabrón
36%
chicles
36%
coño
36%
cuidadito
36%
decía
36%
decir
36%
desmaye
36%
detrás
36%
dile
36%
era
36%
Ese
36%
falta
36%
favorito
36%
frías
36%
guiso
36%
hace
36%
herida
36%
huele
36%
jales
36%
llena
36%
Mami
36%
mancho
36%
manos
36%
más
36%
menta
36%
muy
36%
ojitos
36%
pancho
36%
pedido
36%
pintura
36%
plancho
36%
postre
36%
prefiero
36%
quedan
36%
ralles
36%
rancho
36%
sabía
36%
Salud
36%
tan
36%
tus
36%
valle
36%
ve
36%
acompañas
27%
amiguitos
27%
aprieta
27%
así
27%
babitas
27%
bebo
27%
boquita
27%
botellas
27%
Chico
27%
coleccionaba
27%
comprado
27%
conmigo
27%
consumo
27%
contesta
27%
cora
27%
cosas
27%
cromos
27%
Cuánto
27%
cuenta
27%
cuesta
27%
culo
27%
Desayuno
27%
desplumarme
27%
dientes
27%
digo
27%
directamente
27%
dormir
27%
echa
27%
estalle
27%
esto
27%
fiesta
27%
fiestas
27%
follo
27%
frecuente
27%
fumen
27%
fumo
27%
ganas
27%
gancho
27%
gente
27%
has
27%
hecho
27%
humo
27%
Jesús
27%
juro
27%
ladro
27%
latente
27%
lotería
27%
maldita
27%
malita
27%
menús
27%
miren
27%
mis
27%
molesta
27%
mouse
27%
na
27%
necesitas
27%
paciente
27%
pantalón
27%
pide
27%
ponme
27%
pregunta
27%
preguntes
27%
preocupes
27%
puede
27%
puesto
27%
quita
27%
raras
27%
ratito
27%
religiosa
27%
rellena
27%
Repelús
27%
respuesta
27%
ritmo
27%
salvaje
27%
seas
27%
serpiente
27%
Siento
27%
sigue
27%
solo
27%
tantas
27%
tarifa
27%
tirita
27%
tocao
27%
tostadas
27%
tranquila
27%
tres
27%
últimamente
27%
untadas
27%
Vale
27%
ves
27%
Vete
27%
ya
27%
zumo
27%
ale
18%
Bush
18%
cargo
18%
detesta
18%
echar
18%
George
18%
iba
18%
incluye
18%
llamo
18%
Mientan
18%
modesta
18%
resta
18%
sabías
18%
siesta
18%
somos
18%
Sumo
18%
voy
18%
No se encontraron pruebas coincidentes
Distribución de puntuación
Porcentaje de gente con cada puntuación
Porcentaje por número respondido
Historial de tus puntuaciones
No has intentado esta prueba.